State Quiz - Punjab - Statistics

General Stats
  • This quiz has been taken 362 times
  • The average score is 12 of 20
Answer Stats
Hint Answer % Correct
Religion practiced by the majority of Punjab Sikhism
90%
Most famous temple in the above {Golden} Temple
84%
Most populous city Amritsar
80%
Indian prime minister who was assassinated in the aftermath of Operation Blue Star which took place in that temple Indira Gandhi
80%
Founder of that religion Guru {Nanak}
76%
State capital Chandigarh
74%
Nickname of the Punjabi cinema {Polly}wood
74%
Indian states that border Punjab Haryana
71%
Indian states that border Punjab Rajasthan
69%
State dance of Punjab Bhangra
61%
Indian states that border Punjab Himachal Pradesh
61%
Greek leader who defeated the ancient Punjab king Porus in the Battle of the Hydaspes Alexander the Great
59%
Second most populous city Ludhiana
58%
Historic garden in that city that was site of a deadly massacre by the British in 1919 {Jallian}wala Bagh
51%
First prime minister of India who followed that religion Manmohan Singh
50%
The name of Punjab means "five water" - derived from this language Persian
41%
City called the "Royal City" Patiala
36%
Longest of the "five rivers" and the easternmost tributary of the Indus River Sutlej
35%
Because of its huge amount of agricultural productions, Punjab is nicknamed the... {Granary} of India
31%
Border post on the Pakistani border site of a daily military ceremony since 1959 Attari
29%
No matching quizzes found
Score Distribution
Percent of People with Each Score
Percentile by Number Answered
Your Score History
You have not taken this quiz